Le nom des ballons de la Coupe du Monde - Statistiques

Statistiques générales
  • Ce quiz a été pris 10 fois
  • Le résultat moyen est 3 sur 14
Statistiques - réponses
Par images Réponse % Correct
Brazuca
60%
Telstar
60%
Telstar 18
60%
Tango
30%
Teamgeist
20%
Tricolore
20%
Al Rihla
10%
Azteca
10%
Fevernova
10%
Etrusco
0%
Jo'bulani
0%
Questra
0%
Tango España
0%
Telstar Durlast
0%
Aucun quiz correspondant
Distribution des résultats
% des personnes avec chaque résultat
Percentile par nombre de réponses
Votre historique - résultats
Vous n’avez pas pris ce quiz